000 00422nam a2200181Ia 4500
001 15967
005 20260306170234.0
008 260306t2016||||xx |||||||||||||| ||und||
041 _aESP
082 _a620.86
_bR16
100 _aRaffo Lecca, Eduardo
_eAUT
245 0 _aSeguridad en el trabajo
260 _c2016
300 _a351 páginas :
_c25 cm.
650 _aGEN
654 _aCII
942 _cLIB
_dJUS
_fJUS
_2ddc
_n
999 _c15967
_d15967